Nueva guía de la asamblea cristiana : semana de ceniza a domingo de pascua /
Obra en varios volúmenes que proporciona material doctrinal y pastoral con el fin de contribuir a una explicación más extensa de los textos bíblicos del misal de la Iglesia católica que acompañan a los tiempos y solemnidades del año litúrgico. La presente obra corresponde al V. 3 Semana de ceniza a...
Сохранить в:
| Главный автор: | |
|---|---|
| Другие авторы: | , |
| Формат: | |
| Язык: | испанский |
| Опубликовано: |
Madrid, España :
Marova,
1970, c1970
|
| Серии: | (Christus Pastor. Experiencias y Estudios Pastorales)
|
| Предметы: | |
| Метки: |
Нет меток, Требуется 1-ая метка записи!
|
MARC
| LEADER | 00000nam^a2200000^a^4500 | ||
|---|---|---|---|
| 001 | 000561588 | ||
| 005 | 20250521000000.0 | ||
| 009 | 20260310131926.706 | ||
| 037 | |a Acervo Xavier Clavigero | ||
| 041 | |a ESP | ||
| 082 | |a 263. 9 |b MAE V. 3 | ||
| 100 | |a Maertens, Thierry |e (autor) | ||
| 240 | 1 | 1 | |a [Nueva guía de la asamblea cristiana] |
| 240 | 1 | 1 | |a [Guía de la asamblea cristiana] |
| 245 | 1 | 0 | |a Nueva guía de la asamblea cristiana : |b semana de ceniza a domingo de pascua / |c T. Maertens, J. Frisque ; tr. por F. Pérez. |
| 264 | 4 | |a Madrid, España : |b Marova, |c 1970, c1970 | |
| 300 | |a 327 p. | ||
| 336 | |a texto |b txt |2 rdacontenido | ||
| 337 | |a sin mediación |b n |2 rdamedio | ||
| 338 | |a volumen |b nc |2 rdasoporte | ||
| 440 | 1 | |a (Christus Pastor. |p Experiencias y Estudios Pastorales) | |
| 520 | |a Obra en varios volúmenes que proporciona material doctrinal y pastoral con el fin de contribuir a una explicación más extensa de los textos bíblicos del misal de la Iglesia católica que acompañan a los tiempos y solemnidades del año litúrgico. La presente obra corresponde al V. 3 Semana de ceniza a domingo de pascua. | ||
| 649 | |a XX | ||
| 650 | |a Biblia - |x Historia y Crítica | ||
| 650 | |a Biblia - |x Uso Litúrgico | ||
| 650 | |a Tiempo Ordinario (Liturgia) | ||
| 650 | |a Cuaresma | ||
| 650 | |a Semana Santa | ||
| 650 | |a Domingo (Cristianismo) | ||
| 650 | |a Año Litúrgico - |x Tema Principal | ||
| 650 | |a Liturgia Cristiana | ||
| 650 | |a Teología Pastoral | ||
| 650 | |a Catolicismo | ||
| 650 | |a Cristianismo | ||
| 650 | |a Religión | ||
| 700 | |a Pérez, Florentino |e (traducción) | ||
| 700 | |a Frisque, Jean |e (autor) | ||
| 910 | |a Fondo General | ||
| 920 | |a Impresos - Libros | ||
| 930 | |a Colección General | ||
| 905 | |a 101 | ||
| 901 | |a 037027 |b IT1 |c ACC |i 037027 |u 20250521 | ||
| 902 | |a https://opac.biblio.iteso.mx/vufind/Record/000561588 | ||